000 00700nam a22001457a 4500
999 _c525933
_d525933
008 240425b ||||| |||| 00| 0 eng d
100 _aJohn, Maya
_951878
245 _aWhy Gaza matters: The need for subaltern internationalism
260 _aSocial Scientist
300 _a52(1-2), Jan-Feb, 2024: p.23-42
520 _aOn 7 October 2023, he Hamas led an attack on the Gaza envelope, which is part of the southern district of Israel, killing reportedly 1200 people, Hamas is a political and military organization governing the Gaza strip of Palestinian territories that are under occupation by Israel. – Reproduced
773 _aSocial Scientist
906 _aTERRORISM
942 _cAR